000 00305nam a22001337a 4500
008 171221b xxu||||| |||| 00| 0 eng d
020 _a9789351525011
041 _aeng
080 _a617
100 _a8
101 _aOFT
245 _aMASTER TECHNIQUES IN OPHTHALMIC SURGERY
_cROY,F.H
942 _2udc
_cBK
999 _c39270
_d39270